| 000 | 00840nam a22001337a 4500 | ||
|---|---|---|---|
| 040 | _cRUA | ||
| 082 | _aAED DIM 2016 B657 Or.1 | ||
| 100 | _aDIM VANNY ឌឹម វណ្ណី | ||
| 245 | _athe study on economices rffeciciency of household's dry season rice field production in prey phkam commune, angkor borei district, takeo province ការសិក្សារអំប្រសិទ្ធភាពសេដ្ឋកិច្ចនៃផលិតកម្មដំណាំស្រូវប្រាំរបស់ប្រកសិករ នៅឃុំព្រៃផ្គាំស្រុកអង្គរបូរី ខេត្តតាកែវ | ||
| 260 |
_aRUA _bPhnom penh _c2016 |
||
| 300 |
_ax;76p _bill; |
||
| 856 | _uhttps://drive.google.com/file/d/1lZh9Og89kt32_VdhfEA-pix8IZfocG26/view?usp=sharing | ||
| 942 | _cAED | ||
| 999 |
_c18840 _d18840 |
||